Fluid mechanics and hydraulics (Record no. 137238)

000 -LEADER
fixed length control field 00318nam a2200121Ia 4500
008 - FIXED-LENGTH DATA ELEMENTS--GENERAL INFORMATION
fixed length control field 220120s9999||||xx |||||||||||||| ||und||
020 ## - INTERNATIONAL STANDARD BOOK NUMBER
International Standard Book Number 0-07-053243-5
100 ## - MAIN ENTRY--PERSONAL NAME
Personal name Bansal, R.K
245 #0 - TITLE STATEMENT
Title Fluid mechanics and hydraulics
260 ## - PUBLICATION, DISTRIBUTION, ETC.
Place of publication, distribution, etc. Laxmi publications
Name of publisher, distributor, etc. Bangalooru
Date of publication, distribution, etc. 1998
300 ## - PHYSICAL DESCRIPTION
Other physical details 325
650 ## - SUBJECT ADDED ENTRY--TOPICAL TERM
Topical term or geographic name entry element ANTENNAS
9 (RLIN) 151
Holdings
Withdrawn status Lost status Damaged status Not for loan Collection code Home library Current library Date acquired Barcode Date last seen Price effective from Koha item type
        Civil Engineering Central Library Central Library 01/20/2022 GF1097 01/20/2022 01/20/2022 Gift Books

Powered by Koha